| 000 | 00369nam a2200133Ia 4500 | ||
|---|---|---|---|
| 005 | 20260326235458.0 | ||
| 008 | 260326s9999||||xx |||||||||||||| ||und|| | ||
| 100 | _aMarzo, José María | ||
| 245 | 0 |
_aTectónica : _b 1998 Dossier de Construcción - Junta seca / _cJosé María Marzo |
|
| 260 | _bATC Ediciones | ||
| 300 | _a112 p. | ||
| 650 | _aCONSTRUCCIÓN | ||
| 942 | _cBK | ||
| 999 |
_c7996 _d7996 |
||